Sri Lanka : First Review Under the Extended Arrangement Under the Extended Fund Facility and Request for Modification of Performance Criterion-Press Release; Staff Report; and Statement by the Executive Director for Sri Lanka.

This paper discusses Sri Lanka's First Review Under the Extended Arrangement Under the Extended Fund Facility (EFF) and Request for Modification of Performance Criterion (PCs). Performance under the program has been largely satisfactory. All end-June quantitative PCs were met, together with all...

সম্পূর্ণ বিবরণ

গ্রন্থ-পঞ্জীর বিবরন
সংস্থা লেখক: International Monetary Fund. Asia and Pacific Dept
বিন্যাস: পত্রিকা
ভাষা:English
প্রকাশিত: Washington, D.C. : International Monetary Fund, 2016.
মালা:IMF Staff Country Reports; Country Report ; No. 2016/371
অনলাইন ব্যবহার করুন:Full text available on IMF
LEADER 01897cas a2200241 a 4500
001 AALejournalIMF017267
008 230101c9999 xx r poo 0 0eng d
020 |c 5.00 USD 
020 |z 9781475558579 
022 |a 1934-7685 
040 |a BD-DhAAL  |c BD-DhAAL 
110 2 |a International Monetary Fund.  |b Asia and Pacific Dept. 
245 1 0 |a Sri Lanka :   |b First Review Under the Extended Arrangement Under the Extended Fund Facility and Request for Modification of Performance Criterion-Press Release; Staff Report; and Statement by the Executive Director for Sri Lanka. 
264 1 |a Washington, D.C. :  |b International Monetary Fund,  |c 2016. 
300 |a 1 online resource (71 pages) 
490 1 |a IMF Staff Country Reports 
500 |a <strong>Off-Campus Access:</strong> No User ID or Password Required 
500 |a <strong>On-Campus Access:</strong> No User ID or Password Required 
506 |a Electronic access restricted to authorized BRAC University faculty, staff and students 
520 3 |a This paper discusses Sri Lanka's First Review Under the Extended Arrangement Under the Extended Fund Facility (EFF) and Request for Modification of Performance Criterion (PCs). Performance under the program has been largely satisfactory. All end-June quantitative PCs were met, together with all indicative targets for June. The structural benchmarks due in July-September were not met, but the authorities have been making progress toward their completion which is now scheduled for December 2016. In light of the progress so far and the authorities' policy commitments going forward, the IMF staff supports the completion of the First Review under the EFF. 
538 |a Mode of access: Internet 
830 0 |a IMF Staff Country Reports; Country Report ;  |v No. 2016/371 
856 4 0 |z Full text available on IMF  |u http://elibrary.imf.org/view/journals/002/2016/371/002.2016.issue-371-en.xml  |z IMF e-Library